Sistemas de información para los negocios: un enfoque para la toma de decisiones
Guardat en:
| Autors principals: | , |
|---|---|
| Format: | Llibre |
| Idioma: | espanyol |
| Publicat: |
Ciudad de México
McGraw-Hill Interamericana
2005
|
| Edició: | 4a. ed |
| Matèries: | |
| Etiquetes: |
Afegir etiqueta
Sense etiquetes, Sigues el primer a etiquetar aquest registre!
|
MARC
| LEADER | 00000nam a2200000 a 4500 | ||
|---|---|---|---|
| 001 | UCK5183 | ||
| 003 | CL-VaPUC | ||
| 008 | 050715e20050000MX |||||||||||||||||spa|d | ||
| 020 | |a 9701046528 | ||
| 082 | 0 | 4 | |a 658.4033 |b COH |2 21 |
| 100 | 0 | |a Cohen Karen, Daniel |e author |9 493868 | |
| 700 | 0 | |a Asín Lares, Enrique |e author |9 493869 | |
| 245 | 1 | 0 | |a Sistemas de información para los negocios: un enfoque para la toma de decisiones |
| 250 | |a 4a. ed | ||
| 300 | |a 346 p | ||
| 942 | |c BK | ||
| 945 | |d 20050715 00:00:00 |a cmena | ||
| 260 | |a Ciudad de México |b McGraw-Hill Interamericana |c 2005 | ||
| 650 | 0 | |a Sistemas de información |9 260286 | |
| 650 | 0 | |a Planificación estratégica |9 259735 | |
| 650 | 0 | |a Toma de decisiones |9 257530 | |
| 650 | 7 | |a GESTION DE BASES DE DATOS |2 CL-VaPUC |9 451398 | |
| 650 | 7 | |a INTELIGENCIA ARTIFICIAL |2 CL-VaPUC |9 493870 | |
| 583 | |a last modification |c 20050715 00:00:00 |k Rodrigo Vera | ||
| 999 | |c 313817 |d 313815 | ||
| 952 | |0 0 |1 0 |4 0 |6 658_403300000000000_COH_2005 |7 0 |8 A |9 385432 |a BIBENE |b BIBENE |d 2019-11-22 |i 4224418 |o 658.4033 COH 2005 |p 4224418 |r 2025-01-15 |w 2019-11-22 |y BK |k ICO | ||
| 952 | |0 0 |1 0 |4 0 |6 658_403300000000000_COH_2005 |7 0 |8 A |9 385433 |a BIBING |b BIBING |d 2019-11-22 |i 4263995 |o 658.4033 COH 2005 |p 4263995 |r 2025-01-20 |w 2019-11-22 |y BK |k EII | ||
| 952 | |0 0 |1 0 |4 0 |6 658_403300000000000_COH_2005 |7 0 |8 A |9 385434 |a BIBING |b BIBING |d 2019-11-22 |i 4264002 |o 658.4033 COH 2005 |p 4264002 |r 2025-01-20 |w 2019-11-22 |y BK |k EII | ||
| 952 | |0 0 |1 0 |4 0 |6 658_403300000000000_COH_2005 |7 0 |8 A |9 385435 |a BIBING |b BIBING |d 2019-11-22 |i 4264010 |o 658.4033 COH 2005 |p 4264010 |r 2025-01-20 |w 2019-11-22 |y BK |k EII | ||
| 952 | |0 0 |1 0 |4 0 |6 658_403300000000000_COH_2005 |7 0 |8 A |9 385436 |a BIBING |b BIBING |d 2019-11-22 |i 4264029 |o 658.4033 COH 2005 |p 4264029 |r 2025-01-20 |w 2019-11-22 |y BK |k EII | ||
| 952 | |0 0 |1 0 |4 0 |6 658_403300000000000_COH_2005 |7 0 |8 A |9 385437 |a BIBING |b BIBING |d 2019-11-22 |i 4264037 |o 658.4033 COH 2005 |p 4264037 |r 2025-01-20 |w 2019-11-22 |y BK |k EII | ||
| 952 | |0 0 |1 0 |4 0 |6 658_403300000000000_COH_2005 |7 0 |8 A |9 385438 |a BIBING |b BIBING |d 2019-11-22 |i 4264045 |o 658.4033 COH 2005 |p 4264045 |r 2025-01-20 |w 2019-11-22 |y BK |k EII | ||
| 952 | |0 0 |1 0 |4 0 |6 658_403300000000000_COH_2005 |7 0 |8 A |9 385439 |a BIBING |b BIBING |d 2019-11-22 |i 4264053 |o 658.4033 COH 2005 |p 4264053 |r 2025-01-20 |w 2019-11-22 |y BK |k EII | ||
| 952 | |0 0 |1 0 |4 0 |6 658_403300000000000_COH_2005 |7 0 |8 A |9 385440 |a BIBING |b BIBING |d 2019-11-22 |i 4264061 |o 658.4033 COH 2005 |p 4264061 |r 2025-01-20 |w 2019-11-22 |y BK |k EII | ||
| 952 | |0 0 |1 0 |4 0 |6 658_403300000000000_COH_2005 |7 0 |8 A |9 385441 |a BIBING |b BIBING |d 2019-11-22 |i 426407K |o 658.4033 COH 2005 |p 426407K |r 2025-01-20 |w 2019-11-22 |y BK |k EII | ||
| 952 | |0 0 |1 0 |4 0 |6 658_403300000000000_COH_2005 |7 0 |8 A |9 385442 |a BIBING |b BIBING |d 2019-11-22 |i 4264088 |o 658.4033 COH 2005 |p 4264088 |r 2025-01-20 |w 2019-11-22 |y BK |k EII | ||